00537nam a2200169 a 450000500170000000800410001702000180005805000240007610000160010024500360011626000320015230000090018444000240019365000130021799900190023095201180024920140412111223.0100122s19uu xx 00 eng d a0-516-27375-2 aM 394.261bM36 2001 aMarx, David aChinese New Year /cDavid Marx. aU.S.A :bScholastic,c2001. a31p. aRead about holidays aHolidays c101982d101982 00104050aELbELcMd2010-01-22eGiftg85.00l0oM 394.261 M36 2001pE0223r2014-04-12 00:00:00w2014-04-12yBK